000 00648nam a2200205Ia 4500
001 2993
003 GE_BSU
008 181216s||||||||xx |||||||||||||| ||und||
040 _cGE_BSU
080 _a665.6/7
100 _aИванова,Л.В. Корнеев,М.И. Юзбашев,В.Н.
245 _aТехнология переработки нефти и газа.
245 _cРед.М.М.Кацнельсон и Н.В.Гаровникова.
260 _aМ.
260 _bХимия.
260 _c1966.
300 _a420 стр.22см.
653 _aТехнология переработки нефти и газа.
942 _cBK
999 _c37039
_d37039